Informe anual sobre las actividades del Instituto Lingüístico de Verano en el Perú 1987

Saved in:
Bibliografiske detaljer
Format: Bog
Sprog:spansk
Udgivet: Iquitos Centro Amazónico de Lenguas Autóctonas Peruanas 1988
Serier:Colección Pedagogía. Manuales
Fag:
Tags: Tilføj Tag
Ingen Tags, Vær først til at tagge denne postø!

MARC

LEADER 00000nam a2200000 a 4500
001 UCN0449
003 CL-VaPUC
008 010323e19880000PE |||||||||||||||||spa|d
082 0 4 |a 410  |b INF  |2 21 
245 1 0 |a Informe anual sobre las actividades del Instituto Lingüístico de Verano en el Perú 1987 
300 |a 113 p 
942 |c BK 
945 |d 20010323 00:00:00  |a cmena 
260 |a Iquitos  |b Centro Amazónico de Lenguas Autóctonas Peruanas  |c 1988 
650 0 |a Lingüística  |9 265068 
650 0 |a Investigación lingüística  |9 329785 
650 0 |a Educación lingüística  |9 306506 
651 0 |a Perú  |9 256567 
583 |a last modification  |c 20130316 11:45:54  |k Rodrigo Vera 
490 0 |a Colección Pedagogía. Manuales 
999 |c 294197  |d 294195 
952 |0 0  |1 0  |4 0  |6 410_000000000000000_INF_1988  |7 0  |8 A  |9 346166  |a FDOPOS  |b FDOPOS  |d 2019-11-20  |i 3687252  |o 410 INF 1988  |p 3687252  |r 2025-01-22  |w 2019-11-20  |y BK  |k MLA